000 01728nam a2200241 4500
001 0000000617
005 20250329165509.0
008 170718s2016 000 0 eng d
040 _aCO-CtgCURN
_bspa
_ccoctgcurn
082 0 _aTSO 2016
_bB333
100 1 _aBatista Díaz, Brislay Brigith.
245 1 0 _aMaternidad subrogada: un análisis juridico social /
_cBrislay Brigith Batista Díaz; Tatiana Bossio Venecia; Directora: Rosmery Flórez Joya.
260 _aCartagena de Indias :
_bCorporación Universitaria Rafael Nuñez,
_c2016.
504 _aTrabajo de grado (Trabajadora social). Corporación Universitaria Rafael Nuñez. Facultad de Ciencias sociales y humanas. Trabajo social, 2019.
520 _aEl siguiente proyecto de Investigación pretende dar a conocer una realidad que se vive en nuestro pais y que pocas veces sale a la luz, por tal motivo es posible realizarlo de forma interdisciplinar donde por un lado se encuentra el programa de trabajo social analizando una serie de caracteristicas que fundamentan la tematica de la maternidad subrogada, y por otro lado se encuentra la asesoria del programa de derecho analizando la parte legal que aun no se encuentra clara en nuestro pais con respecto a dicha practica.
650 0 _aTrabajo social
_xTesis y disertaciones academicas.
700 1 _aBatista Díaz, Brislay Brigith.
700 1 _aBossio Venecia, Tatiana.
700 1 _aFlórez Joya, Rosmery,
_cDirectora.
856 _uhttps://unicurn.sharepoint.com/:b:/s/biblioteca/EQ5iww_v__xCt_QlIXuw3i8B_lDd-Qiibjgh9BDfFg3bXQ?e=UCWREh
_zClick aqui para ver el recurso en texto completo
942 _hTSO 2016
_iB333
_2ddc
_cTG
999 _c5985
_d5985